Normal view
MARC view
Entry Topical Term
001 - CONTROL NUMBER
- control field: 672945
003 - CONTROL NUMBER IDENTIFIER
- control field: OSt
005 - DATE AND TIME OF LATEST TRANSACTION
- control field: 20221006160330.0
008 - FIXED-LENGTH DATA ELEMENTS
- fixed length control field: 221006|| aca||aabn | a|a d
040 ## - CATALOGING SOURCE
- Original cataloging agency: OSt
- Transcribing agency: OSt
150 ## - HEADING--TOPICAL TERM
- Topical term or geographic name entry element: China - Legal reform
670 ## - SOURCE DATA FOUND
- Source citation: Work cat.: (OSt)1113077: Ranganathan C. V. Ed. 475414, 18 (Eightienth) National Congress of the Communist Pary of China, 2013
